[Event "Dos Hermanas op"]
[Site "Dos Hermanas"]
[Date "2000.04.13"]
[Round "7"]
[White "Braga, Fernando Alberto"]
[Black "Tyomkin, Dimitri"]
[Result "1/2-1/2"]
[WhiteElo "2449"]
[BlackElo "2516"]
[Annotator "Tyomkin,D"]
[PlyCount "60"]
[EventDate "2000.04.??"]
[EventType "swiss"]
[EventRounds "9"]
[EventCountry "ESP"]
[SourceTitle "CBM 077"]
[Source "ChessBase"]
[SourceDate "2000.07.27"]
[SourceVersion "1"]
[SourceVersionDate "2000.07.27"]
[SourceQuality "1"]

1. c4 e6 2. Nf3 d5 3. g3 c6 4. b3 f5 5. Bg2 Nf6 6. O-O Bd6 7. d4 Qe7 8. a4 a5 (
8... O-O 9. Ba3 Bxa3 10. Nxa3 Nbd7 11. a5 b6 12. Qd2 Ne4 13. Qb2 Bb7 14. b4
bxa5 15. bxa5 Rab8 16. Rfb1 c5 $11 {1-0 Kasparov,G-Short,N/London 1987/CBM 02 
(60)}) 9. c5 $146 {This is a new idea in this position, but it looks like I
found a way to get a good play for black in this game.} (9. Ba3 Bxa3 10. Nxa3
O-O (10... Nbd7 11. Nc2 b6 12. Ne5 Nxe5 13. dxe5 Nd7 14. cxd5 cxd5 15. f4 Nc5
16. Nd4 O-O 17. Qd2 Bd7 18. b4 $1 Na6 (18... Nxa4 19. Nxe6 $1) 19. bxa5 $16 {
1-0 Kharlov,A-Dreev,A/Elista 1995/CBM 50/[Hecht] (43)}) 11. Qc2 $5 $146 (11.
Nc2 Rd8 12. Qc1 b6 13. Nce1 Nbd7 14. Nd3 Ba6 15. Nfe5 Nxe5 16. Nxe5 Rac8 17.
Qe3 $14 {1/2-1/2 Sokolov,I-Salov,V/New York 1996/CBM 52 (68)}) 11... Na6 12.
Rfc1 Ne4 13. Ne5 Nb4 14. Qb2 f4 15. f3 Nd6 16. c5 Ne8 17. Qd2 g5 18. Nc2 Nxc2
19. Rxc2 Ng7 20. g4 $16 {1-0 Ibragimov,I-Rahman,Z/Guntur, AP IND 2000/The Week
in Chess 284 (61)}) 9... Bc7 10. Bf4 Bxf4 11. gxf4 Na6 (11... b6 $5 12. cxb6
Qb4 $11) 12. Nbd2 (12. Ne5 Nd7 $1 {[%cal Gd7e5,Yb7b6] /\Nxe5, b7-b6 Changing
the knight e5, black anyway leads b7-b6.}) 12... b6 $1 {Thematic break- black
gets control over c5-spot.} 13. cxb6 Qb4 (13... Rb8 14. Qc2 $11 (14. b4 $5 {
I was afraid of this move during the game, but it is not dangerous for black:}
Nxb4 15. Nb3 Rxb6 16. Nxa5 Ba6 $15 {/\Ne4})) 14. Ne5 Bb7 (14... Qxb6 15. Ndc4
Qc7 16. Rc1 Nb4 {[%cal Gc8a6,Yf6d7] /\Ba6,Nd7 Black prevents all whites
threats.}) 15. Ndf3 O-O 16. Nd3 Qxb6 17. Rb1 $5 {As it becomes clear from the
following variation, white can not stop c6-c5.} (17. Qc2 Rfc8 18. Rfc1 c5 $1
19. dxc5 Nxc5 20. Nxc5 Ne4 $11) 17... Ne4 18. Qc2 Rfc8 (18... c5 19. Qb2 $11)
19. Qb2 c5 20. Rfc1 Rc7 21. dxc5 Nexc5 (21... Naxc5 22. Qd4 {[%cal Yb3b4] /\b4}
) 22. Qd4 Rac8 23. Bf1 Qd6 {moving the queen out of the pin.} 24. Qe5 Qxe5 (
24... Qb6 25. Qe3 $11) 25. Ndxe5 (25. Nfxe5 $5 {It had forced black to make a
draw accurately.} Nxd3 (25... Ne4 26. Rxc7 Rxc7 27. b4 {white gets passed pawn
'a'.}) 26. Rxc7 Rxc7 27. Nxd3 Rc2 28. e3 Nb4 29. Nxb4 axb4 $11) 25... Nb4 26.
Nd4 Na2 27. Rc2 Nb4 28. Rc3 Na2 29. Rc2 {Still white could try to go on in my
time-trouble, but my opponent weren't ambitious about this game.} (29. Re3 {
[%cal Gd4b5] /\Nb5} Ba6 (29... Ne4 30. Nxe6 Rc1 31. Rxc1 Rxc1 32. Nd3 Rb1 33.
f3 Nd2 34. Nd8 $1 $16) 30. Nef3 Ne4 31. Nxe6 Rc1 32. Rxc1 Rxc1 $36 {[%cal
Ya2c3] /\Nac3}) 29... Nb4 30. Rc3 Na2 1/2-1/2

[Event "Villa Martelli"]
[Site "Villa Martelli"]
[Date "1998.05.19"]
[Round "1"]
[White "Vescovi, Giovanni P"]
[Black "Ginzburg, Maximiliano"]
[Result "1-0"]
[WhiteElo "2480"]
[BlackElo "2470"]
[Annotator "Tyomkin,D"]
[PlyCount "107"]
[EventDate "1998.05.??"]
[EventType "tourn"]
[EventRounds "9"]
[EventCountry "ARG"]
[EventCategory "9"]
[SourceTitle "CBM 065"]
[Source "ChessBase"]
[SourceDate "1998.08.06"]
[SourceVersion "1"]
[SourceVersionDate "1998.08.06"]
[SourceQuality "1"]

{[%mdl 740]} 1. d4 f5 2. c4 Nf6 3. g3 e6 4. Bg2 d5 5. Nf3 c6 6. O-O Bd6 7. b3
Qe7 8. Bb2 O-O 9. Nbd2 Bd7 10. Ne5 Be8 11. Nd3 (11. e3 Nbd7 12. f3 c5 13. Rc1 (
13. Qc2 cxd4 14. exd4 f4 15. Nxd7 Nxd7 16. c5 Bc7 17. g4 Rc8 18. Rfe1 Rf6 $13 {
Ben Menachem,I-Zifroni,D/Ramat Hasharon 1992/0-1 (59)}) 13... cxd4 14. exd4 f4
15. c5 Bc7 16. c6 Nxe5 17. dxe5 bxc6 18. exf6 $16 {Gauglitz,G-Knaak,R/DDR-ch
Stralsund 1988/1/2-1/2 (49)}) 11... Nbd7 12. Nf3 {[%cal Gf3e5]} (12. Rc1 Bh5
13. Re1 Kh8 14. Qc2 Rae8 15. e3 Ne4 16. f3 Nxd2 17. Qxd2 $14 {Pogorelov,
R-Bacso,G/Budapest IM-A 1990/0-1(45)}) (12. Qc2 Ne4 13. Nf3 f4 14. Nfe5 fxg3
15. hxg3 Bxe5 16. dxe5 Bg6 17. Qc1 Qg5 18. cxd5 Qxc1 19. Raxc1 exd5 20. Kh2 Nd2
21. Rfd1 Bxd3 22. Rxd2 Bf5 23. f4 $14 {Chernosvitov,A-Tseshkovsky,V/
Voskresensk 1992/1-0(37)}) 12... h6 $146 (12... Bh5 13. Nfe5 Rad8 14. Qc2 Ng4
15. a4 g5 16. h3 Nh6 17. f3 f4 18. g4 Be8 19. Rfe1 Rf6 20. e3 $14 {Naumkin,
I-Laakso,H/Jyvaskyla op 1993/1-0(41)}) (12... Ng4 13. Qd2 Ndf6 14. Nfe5 Kh8 15.
f3 $14 {Kveinys,A-Conquest,S/Open, Cappelle la Grande FRA 1998/1/2-1/2(43)})
13. Nfe5 g5 14. f3 ({Nothing promises} 14. f4 Bh5 $132 {[%cal Gf6e4]}) 14...
Bh5 15. Qd2 Qg7 16. Rae1 Rad8 17. Qa5 $5 {Trying to make aditional weaknesses
on the queenside.} Bb8 18. Qb4 Nxe5 19. dxe5 Nh7 20. cxd5 cxd5 21. Rc1 $16 {
[%csl Rb8][%cal Gb2d4,Ga2a4,Ga4a5,Gd4c5]} Rfe8 (21... Rc8 22. Nc5 $16 {[%cal
Gc5b7,Gc5e6]}) 22. Rc2 Nf8 23. Rfc1 b6 24. Qd4 $5 {[%cal Gd3b4,Gb4c6,Gb2a3]}
Nd7 25. e3 {Preparing to play f4,released white pieces from protection of pawn
e5.} a5 $6 {[%csl Rb6]} 26. Rc6 {[%cal Gf3f4]} Nc5 27. Rxb6 Nxd3 28. Qxd3 Bxe5
29. Bxe5 Qxe5 30. f4 Qb2 31. Rbc6 d4 (31... Qxa2 $6 32. Qc3 {[%cal Gc6c7]} (32.
Qd4 Qxb3 33. Rc7 Bf7 34. Qa7 $2 Ra8 $17) 32... Qe2 33. Rc7 Bf7 34. Re1 (34. Qf6
Qxe3+ 35. Kh1 Rd7 $13) 34... Qh5 (34... Qb5 35. Qf6 Rd7 36. Bf1 $1 $16) 35.
Qxa5 $16) 32. R1c2 Qb1+ 33. Kf2 e5 (33... Bd1 $5 34. Rd2 Qxd3 35. Rxd3 dxe3+
36. Kxe3 Rxd3+ 37. Kxd3 $16) 34. e4 $1 exf4 35. gxf4 Bf7 (35... gxf4 $8 36.
Qc4+ (36. exf5 $4 Qe1#) 36... Bf7 37. Rg6+ Kh8 38. Rxh6+ (38. Qxf7 Qxc2+ 39.
Kg1 Qc1+ 40. Kf2 Qd2+ $11) 38... Kg8 (38... Kg7 39. Rh7+ Kxh7 40. Qxf7+ Kh8 41.
Qf6+ Kg8 42. Rc7 $18) 39. Rg6+ Kh8 $11 (39... Kf8 40. Rf6 $40)) 36. fxg5 hxg5
37. Qd2 $40 {[%csl Rg5]} Kf8 (37... f4 38. Rc1 $18 {[%csl Rb1]}) 38. Qxg5 (38.
exf5 $143 Re5 {[%cal Ge5f5]} (38... d3 $2 39. Rc1 Re2+ 40. Qxe2 Qxc1 41. Rxc1
dxe2 42. Kxe2 $18) 39. f6 Bh5 $132 {[%cal Ge5e2]}) 38... Rd6 39. Rc7 {[%cal
Rc7f7]} Rd7 40. Qxf5 Rxc7 41. Rxc7 Qxa2+ 42. Kg3 Qxb3+ 43. Bf3 a4 $2 (43... Qe6
$8 44. Qc5+ Re7 45. Rxe7 Qxe7 46. Qxa5 $14 {[%cal Ge4e5]}) 44. Qf6 $18 {
[%cal Rf6h8]} Kg8 45. Rc5 {[%cal Gc5g5]} Qb8+ $8 46. Kh3 Be6+ 47. Kg2 Qb2+ 48.
Kg3 Qb8+ 49. Kg2 Qb2+ 50. Kg1 Qb1+ 51. Kf2 Qb2+ 52. Be2 Bf7 53. Rg5+ Kf8 54.
Rh5 1-0

[Event "Politiken zt"]
[Site "Munkebo"]
[Date "1998.09.19"]
[Round "4.3"]
[White "Akesson, Ralf"]
[Black "Nielsen, Peter Heine"]
[Result "1/2-1/2"]
[WhiteElo "2535"]
[BlackElo "2510"]
[Annotator "Tyomkin,D"]
[PlyCount "71"]
[EventDate "1998.09.10"]
[EventType "k.o."]
[EventRounds "5"]
[EventCountry "DEN"]
[SourceTitle "CBM 067"]
[Source "ChessBase"]
[SourceDate "1998.11.30"]
[SourceVersion "2"]
[SourceVersionDate "1998.11.01"]
[SourceQuality "1"]

1. d4 e6 2. c4 f5 3. g3 Nf6 4. Bg2 d5 5. Nd2 c6 6. Nh3 Bd6 7. O-O O-O 8. Nf3 b6
$146 (8... Ne4 9. Qc2 b6 10. b3 Bb7 11. Bf4 Nd7 12. Bxd6 Nxd6 13. Nf4 $14 {
Ward,C-Tisdall,J/Rilton Cup 1988/0-1 (52)}) (8... Qe8 9. Bf4 Bxf4 10. Nxf4 b6
11. Rc1 Bb7 12. Qc2 Ne4 13. b4 Nd7 14. b5 c5 15. e3 $14 {Karpov,A-Kolosowski,P/
Koszalin sim1 1997/1-0(34)}) 9. Bf4 {After changing black-square bishops Nh3
comes to-f4,and,if necessary,than to d3.} Ba6 $2 (9... Bb7 $14) (9... Ne4 $14)
(9... Be7 $5) 10. cxd5 cxd5 (10... exd5 11. Rc1 {[%csl Rc6] <->c}) 11. Rc1 {
[%csl Re6][%cal Gf4d6,Yf3e5,Yh3f4,Gd1a4] Black is strategically lost.There is
no way even to finish development.My friend GM Kogan Arthur explained this
position:"Black is in a deep ......!"And I agree with him.} Ne4 12. Bxd6 Qxd6
13. Ne5 Nf6 14. Nf4 Bb7 15. Qa4 Nbd7 16. Nxd7 Nxd7 17. Qa3 $1 Qxa3 18. bxa3 {
[%csl Re6][%cal Gc1c7]} Nf6 19. Nxe6 $18 {White has pawn up and better place
of pieces.Line"c" is under control,pawns d5 and f5 are week-that's should be
enough for win.} Rfc8 20. Nc7 (20. Nf4 {was other not bed possibility}) 20...
Rab8 21. Nb5 (21. Rc2 Kf7 22. Rfc1 a6 {[%csl Rc7]} 23. e3 {[%cal Gg2f1]} Ne4 (
23... Ke7 $2 24. Nxd5+) 24. Bf1 b5 25. a4 bxa4 26. Nxa6 (26. Bxa6 $6 Bxa6 27.
Nxa6 Rxc2 28. Rxc2 Rb1+ 29. Kg2 a3 $132 {[%cal Gb1b2]}) 26... Rxc2 27. Rxc2
Bxa6 28. Bxa6 a3 29. Bd3 Rb2 30. f3 Nd6 31. Kf2 Ke6 32. Ke2 {[%cal Ge2d2,Yd2c1]
} Nc4 33. e4 $18) 21... Ba6 22. Nd6 $6 (22. a4 $142 Bxb5 (22... Ne4 23. Nxa7
Rxc1 24. Rxc1 Bxe2 25. Rc8+ $18) 23. axb5 $18 {[%csl Rd5][%cal Yc1c6]} Rc4 $140
$2 24. Bxd5+) 22... Rxc1 23. Rxc1 Bxe2 24. Nxf5 Bc4 25. a4 $6 (25. Rc2 Bd3 26.
Ne7+ Kf8 27. Rc8+ Rxc8 28. Nxc8 Bc4 29. Nxa7 Bxa2 30. Nc8 b5 31. Nd6 Bc4 32.
Bf1 $18) 25... g6 26. Ne7+ $2 (26. Ne3 Bxa2 27. Rc6 Ne4 28. f3 Nd2 (28... Ng5
29. h4 Nf7 30. f4 $18) 29. Rc7 $18) 26... Kf8 27. Nc6 Re8 28. Nxa7 Ra8 29. Nb5
Rxa4 30. Nc3 Ra3 31. Bf1 (31. Rc2 b5 {[%cal Gb5b4]}) 31... Bxa2 32. Nxa2 {
Actually it was the last moment white misssed chances to get a point in this
game.} (32. Nb5 $16 {[%cal Gc1c6]}) 32... Rxa2 33. Rc6 Kg7 34. Rxb6 Ra4 35.
Rb7+ Kh6 36. f3 1/2-1/2

[Event "Oakham GM"]
[Site "Oakham"]
[Date "2001.03.30"]
[Round "2"]
[White "Levitt, Jonathan"]
[Black "Pert, Nicholas"]
[Result "0-1"]
[WhiteElo "2438"]
[BlackElo "2455"]
[Annotator "Tyomkin,D"]
[PlyCount "76"]
[EventDate "2001.03.29"]
[EventType "tourn"]
[EventRounds "9"]
[EventCountry "ENG"]
[EventCategory "7"]
[SourceTitle "CBM 082 Extra"]
[Source "ChessBase"]
[SourceDate "2001.07.03"]
[SourceVersion "1"]
[SourceVersionDate "2001.07.03"]
[SourceQuality "1"]

1. d4 e6 2. c4 f5 3. g3 Nf6 4. Bg2 Bb4+ 5. Nd2 a5 6. Ngf3 b6 7. Ne5 Ra7 8. O-O
O-O 9. Ndf3 Be7 10. b3 a4 11. Bd2 Ne4 12. b4 d6 13. Nd3 Bf6 14. b5 c5 15. bxc6
Nxc6 16. Nb4 Na5 17. e3 Bd7 18. Qe2 Qc8 19. Rfc1 Rc7 20. Bf1 Qb7 21. Rab1 {
Black has got better position mostly because of the pressure over c-file.} Rxc4
$1 {'!' 'This blow had required exact calculation.'} 22. Rxc4 Bb5 23. Nd3 {
'J.Levitt has missed one nice tactical blow, which is better defensive move in
this position:'} (23. Nc6 $1 Bxc4 (23... Nxc4 24. Rxb5 Ncxd2 25. Nxd2 Qxc6 26.
Qc4 $132 {White gets a counterplay in forthcoming ending.}) 24. Nxa5 Bxe2 25.
Nxb7 Bxf3 26. Bb4 Be7 27. Rc1 $132 {/\Rc7, and white has some chances to save
the game.}) (23. Rbc1 Nxc4 24. Rxc4 d5 25. Rc7 $1 {The only chance.} Bxe2 26.
Rxb7 Bxf3 $17 {White has troubles because of the bishop d2, and black gonna
come in through the c-file.}) 23... Nxc4 (23... Bxc4 $4 24. Bxa5 $18) 24. Rxb5
Ncxd2 25. Rb4 {'The point is that white can not capture the knight:'} (25. Nxd2
Nc3 $19) 25... Nxf1 26. Qxf1 Rc8 27. Nf4 (27. Rxa4 Nc3 {attacking the rook and
the knight f3.}) 27... Kf7 28. Rxa4 g5 $1 {'Black gonna remove both white
knights from their outposts by promotion of g-pawn to g4.'} (28... Nc3 29. Rc4
{with chances to save.}) 29. Ne2 (29. Nh5 Rc2 $17 {f2 is a target.}) (29. Nd3
Nc3 30. Qg2 $1 {/\ Ng5 or Ne5.} Kg7 $17 {g4 is coming anyhow.}) 29... g4 30.
Nh4 (30. Ne1 Nd2 31. Qg2 Nf3+ $19) 30... Bxh4 31. gxh4 Nd2 $19 {Black is
developing decisive initiative over the white king.} 32. Qd1 Nf3+ 33. Kf1 Nxh2+
34. Kg1 Nf3+ 35. Kf1 Nh2+ {'Just one repeatition of moves in the time-trouble
to gain some time.'} 36. Kg1 Nf3+ 37. Kf1 Nxh4 38. Nf4 Rc1 (38... Rc1 39. Qxc1
Qh1+ {winning the queen.}) 0-1

[Event "RUS-chT 05th"]
[Site "Maikop"]
[Date "1998.06.03"]
[Round "1"]
[White "Solozhenkin, Evgeniy"]
[Black "Lobach, Pavel V"]
[Result "1/2-1/2"]
[WhiteElo "2500"]
[BlackElo "2395"]
[Annotator "Tyomkin,D"]
[PlyCount "93"]
[EventDate "1998.06.03"]
[EventType "team-tourn"]
[EventRounds "11"]
[EventCountry "RUS"]
[SourceTitle "CBM 066"]
[Source "ChessBase"]
[SourceDate "1998.09.30"]
[SourceVersion "1"]
[SourceVersionDate "1998.09.30"]
[SourceQuality "1"]
[WhiteTeam "Sankt Petersburg"]
[BlackTeam "Saratov GShK"]
[WhiteTeamCountry "RUS"]
[BlackTeamCountry "RUS"]

1. d4 e6 2. c4 f5 3. g3 Nf6 4. Bg2 c6 5. Nh3 d5 6. O-O Bd6 7. Qc2 O-O 8. Bf4
Be7 9. Rd1 $146 (9. Nc3 Nh5 (9... Ne4 10. Nxe4 fxe4 11. f3 exf3 12. exf3 Nd7
13. Rad1 dxc4 14. Qxc4 Nb6 15. Qe2 Bf6 16. Be5 Nd5 17. f4 $16 {Lukacs,
P-Moskalenko,V/Budapest Herbstlich 1990/1-0 (61)}) (9... h6 10. Rad1 g5 11. Bc1
Bd7 12. f3 dxc4 13. e4 Na6 14. a3 b5 15. Nf2 Nc7 16. f4 g4 17. b3 cxb3 18. Qxb3
fxe4 19. Ncxe4 Nxe4 20. Bxe4 h5 21. Nd3 $44 {Gulko,B-Short,N/Reykjavik Summit
1990/1-0(33)}) (9... b6 10. cxd5 exd5 11. Rad1 Qd7 12. a3 Bb7 13. Ng5 Ne4 14.
Ngxe4 fxe4 15. f3 exf3 16. Bxf3 Bd6 17. Bxd6 Qxd6 18. e4 $14 {Lazarev,
V-Klinger,J/Werfen op 1993/1/2-1/2 (67)}) 10. e3 (10. Rad1 Nxf4 11. Nxf4 Bd6
12. e3 g5 13. Nfe2 Nd7 14. f3 dxc4 15. e4 fxe4 16. Nxe4 Nb6 {1/2-1/2 Lukacs,
P-Totsky,L/Budapest FS03 GM 1996}) 10... Nd7 11. Qe2 {1/2-1/2 Horvath,
J-Kindermann,S/AUT-chT9697 1996}) (9. Kh1 b5 10. cxb5 cxb5 11. Rc1 Bd7 12. Nd2
Nc6 13. Nb3 Rc8 14. Qd1 Qb6 15. Nc5 h6 16. Be3 g5 17. f3 Na5 18. Ng1 Nb7 {
1/2-1/2 Dumitrache,D-Vaisser,A/Cappelle op 1991}) (9. Bxb8 Rxb8 10. Nd2 Ne4 11.
Nf3 dxc4 12. Rfd1 b5 13. Ne5 Bb7 14. Bxe4 fxe4 15. Qxe4 Qd6 16. Qg4 $13 {
Gunawan,R-Chandler,M/Lloyds Bank op 1994/1/2-1/2 (76)}) 9... h6 10. f3 $5 Nbd7
{[%cal Gc6c5]} 11. cxd5 $5 Nxd5 (11... exd5 $2 12. Qxf5 $16) 12. e4 $1 (12. Bc1
$143 $6 e5 $1 13. e4 fxe4 14. fxe4 Nb4 15. Qb3+ Kh7 16. a3 Na6 17. dxe5 Qc7 $15
{[%cal Gd7e5,Gd7c5]}) 12... Nxf4 (12... fxe4 $6 13. fxe4 Nb4 (13... Nxf4 14.
Nxf4 $16 {[%cal Gf4e6,Gf4g6]}) 14. Qb3 Nf6 15. Nc3 $16 {[%csl Rb4,Re6]}) 13.
Nxf4 Nb6 14. Qb3 $14 Qd6 15. Ng6 Rf7 16. Nc3 {It's more accurate than
immediatly N:e7} Qb4 ({Doesn't solve blacks problms} 16... Bd8 17. f4 $1 Bc7 (
17... fxe4 $6 18. Nxe4 Qc7 19. Re1 $16 {[%csl Re6][%cal Ge4c5,Gg2h3]}) 18. Ne5
(18. d5 $6 exd5 19. Ne5 Qc5+ 20. Kh1 Bxe5 $19) 18... Rf8 19. d5 $1 cxd5 20.
exd5 $16 {with clear advantage.}) 17. Nxe7+ Qxe7 18. a4 $1 {[%csl Rb6][%cal
Ga4a5]} fxe4 19. fxe4 Nd7 20. e5 $16 {[%csl Rc8,Rd6][%cal Gc3e4,Ge4d6] Visible
space advantage and lots of weaknesses in blacks position, makes  whites
chanses clear better.} Nb6 21. Ne4 Nd5 22. Rf1 $6 {Missing simple} (22. Nd6 $1
Rf8 23. Rf1 b6 24. Rxf8+ Qxf8 25. Rf1 Qd8 (25... Qe7 26. Qc2 $1 (26. Rf7 Qg5
$132) 26... Bd7 27. Be4 Be8 (27... Ne3 28. Bh7+ Kh8 29. Qg6 Be8 30. Rf7 $1 $18)
28. Rf3 Rd8 29. Bh7+ Kh8 30. Bg6 $18) 26. Qc2 $1 $18 {[%cal Rc2c6,Rc2g6,Gf1f7,
Gg2e4]}) 22... Rxf1+ 23. Rxf1 b6 24. Nd6 Ba6 $14 {Now black has some
counterchanses.} 25. Rf2 (25. Rf7 Qg5 $132 {[%cal Gg5c1]}) 25... Rf8 26. Rxf8+
Qxf8 27. Qc2 Ne3 $5 ({After passive} 27... Ne7 28. Bh3 Kh8 29. Qf2 $1 Qxf2+ 30.
Kxf2 {black loses a pawn.}) 28. Qxc6 Bf1 29. Bf3 (29. Bh1 $5 {[%cal Gc6f3,
Gc6c8]}) 29... Bh3 {[%cal Ge3c2]} 30. Qc8 (30. Qe4 $142 $5 Nc2 31. Kf2 $18)
30... Nc2 31. d5 Nd4 32. Bh5 $6 (32. Be4 $1 {[%cal Re4h7]} Qxc8 33. Nxc8 {
[%cal Gd5d6]} exd5 34. Bxd5+ Kf8 35. Nxa7 $18) 32... Qxc8 33. Nxc8 exd5 34.
Ne7+ (34. Nxa7 Bd7 $132 {[%csl Ra7]}) 34... Kf8 35. Nxd5 Bd7 36. Bd1 Kf7 37.
Nf4 (37. Nc7 Kg6 $11 {[%csl Re5][%cal Gg6f5]}) 37... g5 38. Nd3 Bc6 39. Kf2 Ke6
40. Bg4+ (40. Ke3 $142 $5 Nf5+ 41. Kd2 {Keeping an extra pawn and winning
chanses.}) 40... Kd5 41. Nb4+ Kxe5 42. Nxc6+ Nxc6 43. Ke3 Na5 $1 $11 {[%cal
Ga5b7,Gb7d6]} 44. Kd3 Nb7 45. b4 Nd6 46. Bf3 Nf5 47. Bg4 1/2-1/2

[Event "Excelsior Cup"]
[Site "Gothenburg"]
[Date "1997.??.??"]
[Round "5"]
[White "Hultin, Johan"]
[Black "Gleizerov, Evgeny"]
[Result "0-1"]
[WhiteElo "2330"]
[BlackElo "2545"]
[Annotator "Tyomkin,D"]
[PlyCount "90"]
[EventDate "1997.01.??"]
[EventType "tourn"]
[EventRounds "9"]
[EventCountry "SWE"]
[EventCategory "9"]
[SourceTitle "CBM 057"]
[Source "ChessBase"]
[SourceDate "1997.04.01"]
[SourceVersion "1"]
[SourceVersionDate "1997.04.01"]
[SourceQuality "1"]

1. d4 e6 2. Nf3 f5 3. g3 Nf6 4. Bg2 d5 5. O-O Bd6 6. c4 c6 7. Bf4 Bxf4 8. gxf4
O-O 9. e3 Nbd7 10. Nbd2 Kh8 11. Qc2 Ne4 12. Nxe4 $146 (12. Rac1 Rg8 13. Nxe4
dxe4 14. Ng5 Qe8 15. f3 h6 16. fxe4 hxg5 {Birnboim,N-Shrentzel,I/Tel Aviv 1988
(36)/1/2-1/2}) (12. Rfc1 h6 13. Ne5 Nxe5 14. fxe5 Nxd2 15. Qxd2 f4 16. Qe2 Bd7
17. Kh1 Qh4 18. Bf3 g5 $36 {Bern,I-Agdestein,E/NOR-ch Kristiansand 1987 (33)/1/
2-1/2}) 12... fxe4 (12... dxe4 13. Ng5 Nf6 14. f3 h6 15. Nh3 exf3 16. Bxf3 $11
{Angelowa-Ghinda/Bulgarien-Rumänien wom tt/SW,3,19 1988 (35)/1-0}) 13. Ng5 Qe7
14. f3 h6 15. Nh3 exf3 16. Rxf3 dxc4 17. Qxc4 $2 (17. Raf1 $1 Nb6 (17... b5 18.
b3) 18. Ng5 (18. Rg3 $5) 18... hxg5 19. Rh3+ Kg8 20. Qh7+ Kf7 21. Qh5+ g6 (
21... Kg8 22. fxg5 $1 $18) 22. fxg5+ Ke8 23. Qxg6+ $16) 17... e5 $1 $36 18. Rg3
$6 (18. dxe5 $2 Nxe5 19. fxe5 Rxf3 20. Bxf3 Bxh3 $17) (18. Raf1 $142 exd4 (
18... Nb6 19. Qc5 Qxc5 20. dxc5 e4 21. Rg3 Na4 $10) 19. exd4 (19. Qxd4 Nf6 20.
Nf2 Be6 $17) 19... Nb6 20. Qc5 Qxc5 21. dxc5 Nc4 22. Rc1 Be6 $10) 18... Nb6 19.
Qc5 Qxc5 20. dxc5 Bxh3 $2 (20... Na4 21. fxe5 (21. b4 Bxh3 22. Rxh3 exf4 23.
exf4 Rxf4 $17) 21... Nxb2 22. Nf4 Bf5 23. e4 (23. Bh3 Bh7 24. Ne6 Rf7 $17 {
[%csl Rc5,Re3,Re5]}) 23... Bxe4 24. Ne6 Rf5 25. Bxe4 Rxe5 26. Nxg7 (26. Bxc6
bxc6 27. Nxg7 Rg8 28. Rb1 Na4 29. Rb7 a6 $19) 26... Rxe4 $17) 21. Rxh3 Nd7 22.
Rd1 Nxc5 23. Rh5 $1 (23. b4 $6 Ne6 (23... Na6 $2 24. b5) 24. fxe5 a5 (24...
Rad8 25. Rxd8 Rxd8 (25... Nxd8 $2 26. e4 Ne6 27. Rd3 Rd8 28. Rd6 $16) 26. Rf3
Kg8 27. Bf1 Rf8 28. Rg3 Rf5 $17) 25. Rd7 axb4 26. Rxb7 Rxa2 27. Rf3 Rd8 (27...
Rxf3 28. Bxf3 c5 29. Bd5) 28. Rxb4 c5 29. Rg4 Rdd2 $17) 23... Rae8 24. Rxe5
Rxe5 25. fxe5 a5 26. Bh3 $2 (26. a3 $142 a4 (26... Re8 27. b4) 27. Rc1 Nd3 28.
Rc4 Nxb2 29. Rb4 Nd3 30. Rxb7 Nxe5 31. Re7 $11) 26... Rf3 27. e6 Rxe3 28. Kf2
Re5 29. Rd8+ Kh7 30. Re8 $8 (30. Kf3 Nxe6 31. Re8 Ng5+) 30... Kg6 31. Re7 Ne4+
{Black wants to defend Pb7 by the rook from b4,and after that to attack Pe6.
White cann't do anything against this plan.} 32. Kf1 Ng5 33. Bg4 Re4 34. Be2
Rf4+ 35. Kg2 Rb4 36. b3 Kf6 37. Rd7 Nxe6 $19 38. Bc4 b5 $1 39. a3 bxc4 40. axb4
c3 41. Rd1 (41. Rd6 c5 $1) 41... axb4 42. Kf2 c5 43. Ke3 (43. Rb1 Nd4 44. Ke3
Ke5 45. Kd3 Kd5 46. Rf1 Nxb3 47. Rf5+ Kc6 48. Kc4 c2 $19) 43... Nd4 44. Kd3
Nxb3 45. Kc4 Nd2+ 0-1